| 000 | 00852nam a2200217Ia 4500 | ||
|---|---|---|---|
| 001 | 11131 | ||
| 003 | GE_BSU | ||
| 008 | 181216s||||||||xx |||||||||||||| ||und|| | ||
| 040 | _cGE_BSU | ||
| 080 | _a502(075.8) | ||
| 100 | _aფოჩხუა,ა.ა. მგელაძე,კ.გ. სურგულაძე,მ და სხვ. | ||
| 245 | _aბუნებისმცოდნეობის საფუძვლები. | ||
| 245 | _bსახელმძღვ.უმაღლ.სასწავლებლის სტუდენტებისათვის. | ||
| 260 | _aთბილისი. | ||
| 260 | _bგანათლება. | ||
| 260 | _c1986. | ||
| 300 | _a527გვ;22სმ. | ||
| 300 | _eილ; | ||
| 653 | _aბუნებისმცოდნეობის საფუძვლები. | ||
| 942 | _cBK | ||
| 999 |
_c44369 _d44369 |
||